लोड हो रहा है...
Begegnung im Balkanexpreb: Anden Ufern der Plotinitza
| मुख्य लेखक: | |
|---|---|
| स्वरूप: | Printed Book |
| प्रकाशित: |
Stuttgart
Philipp Reclam
1968
|
| LEADER | 00470nam a22001217a 4500 | ||
|---|---|---|---|
| 999 | |c 275506 |d 275506 | ||
| 082 | |a 832 |b HIL | ||
| 100 | |a Hildesheimer, Wolfgang | ||
| 245 | |a Begegnung im Balkanexpreb: |b Anden Ufern der Plotinitza | ||
| 246 | |a Encounter in the Balkan Express: On the banks of the Plotinitza | ||
| 260 | |a Stuttgart |b Philipp Reclam |c 1968 | ||
| 942 | |c BK | ||
| 952 | |0 0 |1 0 |4 0 |6 832_000000000000000_HIL |7 0 |9 293163 |a GER |b GER |d 2020-03-02 |l 0 |o 832 HIL |p GER3424 |r 2020-03-02 |w 2020-03-02 |y BK | ||